| 000 | 00827cam a22002414a 4500 | ||
|---|---|---|---|
| 001 | 12170022 | ||
| 005 | 20180125041653.0 | ||
| 008 | 000911s2001 ctua j b 001 0 eng | ||
| 010 | _a 00047932 | ||
| 020 | _a0761314598 (lib. bdg.) | ||
| 040 |
_aDLC _cDLC _dDLC |
||
| 041 | _aeng | ||
| 042 |
_apcc _alcac |
||
| 080 | _a616.1527 jac | ||
| 082 | 0 | 0 |
_a616.1527 jac _221 |
| 100 | 1 | _a5 | |
| 101 | _abio | ||
| 245 | 1 | 0 |
_aSickle cell disease / _cJacqueline L. Harris. |
| 504 | _aIncludes bibliographical references (p. 91-92) and index. | ||
| 906 |
_a7 _bcbc _corignew _d1 _eocip _f20 _gy-gencatlg |
||
| 942 |
_2ddc _cBK |
||
| 999 |
_c40907 _d40907 |
||